LEADER 01705nam0 22003973i 450 001 VAN00255321 005 20250912092738.395 017 70$2N$a9783030982416 100 $a20230227d2022 |0itac50 ba 101 $aeng 102 $aCH 105 $a|||| ||||| 181 $ai$b e 182 $ab 183 $acr 200 1 $aStrategies and Tools for Pollutant Mitigation$eResearch Trends in Developing Nations$feditors J. Aravind, M. Kamaraj, S. Karthikeyan 210 $aCham$cSpringer$d2022 215 $aVI, 236 p.$cill.$d24 cm 620 $aCH$dCham$3VANL001889 676 $a577.14$cChimica ambientale$v22 676 $a668.4192$cTecnologia dei rifiuti$v22 676 $a630$cAgricoltura e tecnologie connesse$v22 676 $a363.73$cInquinamento generale$v22 702 1$aAravind$bJeyaseelan$3VANV197328 702 1$aKamaraj$bMurugesan$3VANV208345 702 1$aKarthikeyan$bS.$3VANV208346 712 $aSpringer $3VANV108073$4650 790 1$aAravind, J.$zAravind, Jeyaseelan$3VANV216685 801 $aIT$bSOL$c20250919$gRICA 856 4 $uhttps://link.springer.com/book/10.1007/978-3-030-98241-6$zE-book - Accesso al full-text attraverso riconoscimento IP di Ateneo, proxy e/o Shibboleth 899 $aBIBLIOTECA DEL DIPARTIMENTO DI SCIENZE E TECNOLOGIE AMBIENTALI BIOLOGICHE E FARMACEUTICHE$1IT-CE0101$2VAN17 912 $fN 912 $aVAN00255321 950 $aBIBLIOTECA DEL DIPARTIMENTO DI SCIENZE E TECNOLOGIE AMBIENTALI BIOLOGICHE E FARMACEUTICHE$d17CONS e-book 2307 $e17BIB2307/268 268 20230227 $sBuono 996 $aStrategies and tools for pollutant mitigation$91891079 997 $aUNICAMPANIA